Kraje z największą liczbą olimpijczyków na IO 2026 - Statystyki

Ogólne statystyki
  • Ten quiz został rozwiązany 27 razy
    18 od ostatniego zresetowania
  • Średni wynik to 10 z 11
Statystyki odpowiedzi
Liczba olimpijczyków Państwo % Poprawnych
110 Szwecja
100%
235 USA
100%
162 Francja
94%
175 Szwajcaria
94%
121 Japonia
88%
211 Kanada
88%
189 Niemcy
88%
195 Włochy
88%
117 Austria
81%
126 Chiny
81%
114 Czechy
63%
Nie znaleziono quizów pasujących do podanych kryteriów
Rozkład punktacji
Procent ludzi z każdym wynikiem
Percentyl według liczby udzielonych odpowiedzi
Twoja historia wyników
Nie rozwiązałeś tego quizu od ostatniego zresetowania